Sv. Ludovít Mária Grignion z Monfortu (Record no. 21219)
[ view plain ]
| 000 -NÁVESTIE | |
|---|---|
| fixed length control field | 00294nam a2200133 4500 |
| 008 - ÚDAJE S PEVNOU DĹŽKOU – VŠEOBECNÉ INFORMÁCIE | |
| fixed length control field | 170125s ||||xo d |
| 020 ## - MEDZINÁRODNÉ ŠTANDARDNÉ ČÍSLO KNIHY (ISBN) | |
| Údaje o dostupnosti | 0 |
| 041 1# - KÓD JAZYKA | |
| Kód jazyka textu/zvukovej stopy alebo samostatných nápisov | slo |
| 044 ## - KÓD KRAJINY VYDAVATEĽA/PRODUCENTA | |
| Kód krajiny MARC | xo |
| Kód krajiny ISO | SK |
| 245 10 - NÁZOV | |
| Názov | Sv. Ludovít Mária Grignion z Monfortu |
| 250 ## - ÚDAJ O PORADÍ VYDANIA | |
| Údaj o poradí vydania | 2. vydanie |
| 300 ## - FYZICKÝ POPIS | |
| Rozsah | 426 s. |
| 958 ## - Formálny deskriptor | |
| Formálny deskriptor | A |
| Stav stiahnutia (Blokovanie) (Withrawn status) | Stav straty | Zdroj klasifikácie pre skladovanie | Stav poškodenia (Damaged status) | Nie pre výpožičky (Not for loan) | Spôsob nadobudnutia (Collection code) | Trvalé umiestnenie | Aktuálne umiestnenie | Dátum nadobudnutia | Inventárne číslo (prírastkové číslo) | Celkom výpožičky | Full call number | Čiarový kód | Dátum posledného výskytu | Dátum poslednej výpôžičky | Cena s účinnosťou od | Typ jednotky Koha |
|---|---|---|---|---|---|---|---|---|---|---|---|---|---|---|---|---|
| Dar | Mestská knižnica Giraltovce | Mestská knižnica Giraltovce | 2017-01-25 | 19539 | 2 | S1307 | S1307 | 2022-12-12 | 2022-11-30 | 2019-12-12 | Krásna literatúra pre dospelých |